Southville International School and Colleges
Your cart is empty.
  • Cart
  • Lists
    Public lists Eva Luna New books Lux_list list_1
    Your lists Log in to create your own lists
  • Log in to your account
  • Your cookies
  • Search history
Southville International School and Colleges
  • Advanced search
  • Recent comments
  • Most popular
  • Libraries

Log in to your account

Log in with GOOGLE


If you do not have an external account, but do have a local account, you can still log in:

  1. Home
  2. MARC view: The best Philippine short stories of the twentieth century:
Normal view MARC view ISBD view

The best Philippine short stories of the twentieth century: (Record no. 16970)

[ view plain ]
MARC details
000 -LEADER
fixed length control field 01058nam a22003617a 4500
001 - CONTROL NUMBER
control field 12359294
003 - CONTROL NUMBER IDENTIFIER
control field OSt
005 - DATE AND TIME OF LATEST TRANSACTION
control field 20140310182849.0
008 - FIXED-LENGTH DATA ELEMENTS--GENERAL INFORMATION
fixed length control field 010113s2000 ph 000 1 eng
010 ## - LIBRARY OF CONGRESS CONTROL NUMBER
LC control number 99504328
020 ## - INTERNATIONAL STANDARD BOOK NUMBER
International Standard Book Number 971630126X (hard)
020 ## - INTERNATIONAL STANDARD BOOK NUMBER
International Standard Book Number 9716301251 (pbk.)
035 ## - SYSTEM CONTROL NUMBER
System control number (DLC) 99504328
037 ## - SOURCE OF ACQUISITION
Source of stock number/acquisition Library of Congress -- Jakarta Overseas Office
Terms of availability P1,195.00
040 ## - CATALOGING SOURCE
Original cataloging agency DLC
Transcribing agency DLC
042 ## - AUTHENTICATION CODE
Authentication code lcode
050 00 - LIBRARY OF CONGRESS CALL NUMBER
Classification number PL 5546
Item number .C957 2000
082 ## - DEWEY DECIMAL CLASSIFICATION NUMBER
Classification number FIL 899.2103
Item number B46 2000
245 04 - TITLE STATEMENT
Title The best Philippine short stories of the twentieth century:
Remainder of title an anthology of fiction in English /
Statement of responsibility, etc Isagani R. Cruz
260 ## - PUBLICATION, DISTRIBUTION, ETC. (IMPRINT)
Place of publication, distribution, etc Manila, Philippines:
Name of publisher, distributor, etc Tahanan Books
Date of publication, distribution, etc c2000.
300 ## - PHYSICAL DESCRIPTION
Extent xii 730 p.
Dimensions 24 cm.
521 ## - TARGET AUDIENCE NOTE
Target audience note
541 ## - IMMEDIATE SOURCE OF ACQUISITION NOTE
-- 1
541 ## - IMMEDIATE SOURCE OF ACQUISITION NOTE
-- 2
541 ## - IMMEDIATE SOURCE OF ACQUISITION NOTE
-- 1
541 ## - IMMEDIATE SOURCE OF ACQUISITION NOTE
-- 1
541 ## - IMMEDIATE SOURCE OF ACQUISITION NOTE
-- 4
562 ## - COPY AND VERSION IDENTIFICATION NOTE
Number of copies 5
700 1# - ADDED ENTRY--PERSONAL NAME
Personal name Cruz, Isagani R.,
Dates associated with a name 1945-
906 ## - LOCAL DATA ELEMENT F, LDF (RLIN)
a 7
b cbc
c origode
d 4
e ncip
f 19
g y-gencatlg
942 ## - ADDED ENTRY ELEMENTS (KOHA)
Source of classification or shelving scheme Library of Congress Classification
Koha item type Books
Call number prefix Filipininana
Holdings
Withdrawn status Lost status Source of classification or shelving scheme Damaged status Home library Current library Shelving location Date acquired Total Checkouts Full call number Barcode Date last seen Copy number Price effective from Koha item type Source of acquisition
    Library of Congress Classification   College Library College Library Filipiniana Section 05/16/2013   PL 5546 .C957 2000 c5045 05/08/2018 1 11/14/2013 Books  
    Library of Congress Classification   College Library College Library Filipiniana Section 02/18/2015   PL 5546 .C957 2000 C0646 05/08/2018   02/18/2015 Books Library Fund

The best Philippine short stories of the twentieth century:

APA

Cruz I. R., . (2000). The best Philippine short stories of the twentieth century. Manila, Philippines: Tahanan Books.

Chicago

Cruz Isagani R, . 2000. The best Philippine short stories of the twentieth century. Manila, Philippines: Tahanan Books.

Harvard

Cruz I. R., . (2000). The best Philippine short stories of the twentieth century. Manila, Philippines: Tahanan Books.

MLA

Cruz Isagani R, . The best Philippine short stories of the twentieth century. Manila, Philippines: Tahanan Books. 2000.

  • Place hold
  • Print
  • Cite
  • Add to your cart (remove)
  • Save record
    BIBTEX Dublin Core MARCXML MARC (non-Unicode/MARC-8) MARC (Unicode/UTF-8) MARC (Unicode/UTF-8, Standard) MODS (XML) RIS
  • More searches
    Search for this title in:
    Other Libraries (WorldCat) Other Databases (Google Scholar) Online Stores (Bookfinder.com) Open Library (openlibrary.org)

Exporting to Dublin Core...

SOUTHVILLE LIBRARY

Southville International School and Colleges Library

1281 Tropical Ave. Cor. Luxembourg St., BF Homes International, Las Pinas City

Tel. No. 8256374 / 252358 Loc. 117/146

Powered by Koha